Song and Movie Titles Quiz Stats

 Plays Quiz Updated Jun 27, 2019

Score 0/20 Timer 10:00
0 Plays Today
% Correct
Rio (Duran Duran)
54.4%
Frankenstein (Edgar Winter)
50.9%
Fame (David Bowie)
41.5%
Dazed and Confused (Led Zeppelin)
41.4%
Signs (Five Man Electrical Band)
40.7%
Some Like It Hot (Power Station)
34.5%
The Boxer (Simon and Garfunkel)
34%
The Final Countdown (Europe)
28.7%
Runaway Train (Soul Asylum)
28.3%
My Own Private Idaho (B-52's)
28.1%
% Correct
Vertigo (U2)
27.7%
Domino (Van Morrison)
25.9%
Atlantic City (Bruce Springsteen)
24.2%
Time After Time (Cyndi Lauper)
20.9%
Hero (Mariah Carey)
20.1%
Demolition Man (The Police)
19.5%
Lust for Life (Iggy Pop)
19.2%
The Magnificent Seven (The Clash)
18.1%
Exodus (Bob Marley)
17.9%
Limelight (Rush)
15.3%

You're not logged in!

Compare scores with friends on all Sporcle quizzes.
OR
Log In

Sporcle TV

Today on Sporcle TV


Watch our educational content, quiz creation guides, and fun videos on Sporcle TV.

Show Comments

Extras

Top Quizzes Today


Score Distribution

Your Account Isn't Verified!

In order to create a playlist on Sporcle, you need to verify the email address you used during registration. Go to your Sporcle Settings to finish the process.

Report this User

Report this user for behavior that violates our Community Guidelines.

Details: